000 00489nam a2200181Ia 4500
003 OSt
005 20230626105445.0
008 210423s9999 xx 000 0 und d
040 _cAL
041 _aeng
082 _a370
_223
_bPINP
100 _aPINTO (Ambrose).
_9113226
245 _aPerspective in jesuit higher education today.
260 _bJoint Publication Of Indian
_c2021
365 _cINR
906 _aeducation ; higher ; jesuit ; Perspective ; today.
942 _2ddc
_cBK
999 _c173041
_d173041